Deutsche Musiker nach Buchstabe - U - Statistiken

Allgemein
  • Dieses Quiz wurde 111 mal gespielt
  • Das Durchschnittsergebnis liegt bei 2 aus 20
Antwortstatistiken
Aktive Jahre Songs Antwort % Korrekt
1999- Geboren um zu leben | So wie du warst Unheilig
83%
1991- Das Boot | Club Bizarre U 96
42%
2010- Emotions (2.0) | 04:30 Ufo361
24%
2011- Zum Laichen und Sterben ziehen die Lachse den Fluss hinauf | & Jay-Z singt uns ein Lied Uhlmann, Thees
19%
1987-1992, 1996- I Give As Good As I Get | Man And Machine U.D.O.
13%
2010 Schland o Schland | In der Diskothek Uwu Lena
11%
2001- OK | Phänomenal egal Urlaub, Farin
10%
1979-1983 Sommersprossen | Ich will! UKW
8%
2000- Summer Jam | Remember Underdog Project, the
6%
2006- Heim und Herd | Wein' mir ein Meer Üebermutter
3%
1999-2011 On the Run | Bassfly Uhrmacher, Tillmann
2%
2018- Jayjo | Lak, Wer? Undacava
2%
1973- Pogo in Togo | Gänseblümchen United Balls
2%
1966-2013 Du hast gelacht | Ein pi-pa-putziger Igel Uhlenbrock, Siegfried
1%
1991- Lieber Gott | Ohne Dich Umbra et Imago
0%
2006- In Aufruhr | Menschen Umse
0%
2009- Exceptional | For The Kingdom Unisonic
0%
2019- Am Morgen danach | Der Traum ist aus Universum25
0%
2013- Deadrose | Abandoned Unprocessed
0%
2005-2021 Warten auf dich | Rad der Zeit Urbanize
0%
Keine übereinstimmenden Quizze gefunden
Verteilung der Resultate
Anzahl Personen mit jedem Resultat
Perzentil nach korrekt beantworteten Fragen
Ihre Resultats-Entwicklung
Sie haben dieses Quiz noch nicht gespielt